000 00676cam a22002413a 4500
001 21949
003 PGUSA
005 20140828083451.0
008 070627s2007||||xxu|||||s|||||000 1 eng d
040 _aPGUSA
_beng
042 _adc
050 4 _aPS
100 1 _aLee, Minnie Mary,
_d1826-1903
245 1 0 _aHubert's Wife :
_bA Story for You
_h[electronic resource] /
_cMinnie Mary Lee
260 _bProject Gutenberg,
_c2007
506 _aPublic domain in the USA.
516 _aElectronic text
653 _aChristian fiction
653 _aCatholics -- Fiction
830 0 _aProject Gutenberg
_v21949
856 4 0 _uhttp://www.gutenberg.org/ebooks/21949
942 _cEB
999 _c251204
_d251204